|
|
|
|
| LEADER |
00000cam a2200000 a 4500 |
| 001 |
vtls010689791 |
| 003 |
SK-MaSNL |
| 005 |
20260426012602.0 |
| 008 |
160610s2015 xo e 000 0 slo |
| 015 |
|
|
|a SNBA2015/09
|
| 020 |
|
|
|a 9788081610899 (brož.)
|
| 035 |
|
|
|a 165D7700-DB59-40EF-9A0C-B3D81AD7457A
|
| 035 |
|
|
|a urn:nbn:sk:snk-amkx53
|
| 035 |
|
|
|a urn:nbn:sk:snk-am0082es
|
| 040 |
|
|
|a SNK
|b slo
|c SNK
|e AACR2
|
| 041 |
0 |
|
|a slo
|
| 043 |
|
|
|a e-xo---
|
| 044 |
|
|
|a xo
|c SK
|
| 072 |
|
7 |
|a 27
|x Kresťanstvo. Kresťanská cirkev všeobecne. Ekleziológia
|2 konspekt
|
| 080 |
|
|
|a 27-726.4
|2 2001
|
| 080 |
|
|
|a (094)
|2 2001
|
| 080 |
|
|
|a (437.6)
|2 2001
|
| 080 |
|
|
|a 2-46-733
|2 2001
|
| 080 |
|
|
|a (083.15)
|2 2001
|
| 080 |
|
|
|a 27-46
|2 2001
|
| 080 |
|
|
|a 27-733
|2 2001
|
| 110 |
2 |
|
|a Katolícka cirkev.
|b Konferencia biskupov Slovenska.
|b Komisia pre klérus
|4 aut
|9 447536
|
| 245 |
1 |
0 |
|a Smernice o formácii, živote a službe trvalých diakonov na Slovensku
|c Komisia pre klérus Konferencie biskupov Slovenska
|
| 260 |
|
|
|a Trnava
|b Spolok svätého Vojtecha
|c 2015
|
| 300 |
|
|
|a 59 s.
|c 20 cm
|
| 490 |
1 |
|
|a Dokumenty Konferencie biskupov Slovenska ;
|v 15. zv.
|
| 500 |
|
|
|a Vydané pre Konferenciu biskupov Slovenska
|
| 504 |
|
|
|a Bibliogr. odkazy ; pozn. ; zoz. skrat.
|
| 650 |
0 |
7 |
|a diakoni
|2 SNKPH
|9 30277
|
| 650 |
0 |
7 |
|a Deacons
|2 SNKPHeng
|9 389597
|
| 650 |
0 |
7 |
|a duchovná služba
|2 SNKPH
|9 25052
|
| 650 |
0 |
7 |
|a Spiritual service
|2 SNKPHeng
|9 341423
|
| 650 |
0 |
7 |
|a Church's ministries
|2 SNKPHeng
|9 302533
|
| 650 |
0 |
7 |
|a služby v cirkvi
|2 SNKPH
|9 66668
|
| 651 |
|
7 |
|a Slovensko
|2 SNKPH
|9 14231
|
| 651 |
|
7 |
|a Slovakia
|2 SNKPHeng
|9 92630
|
| 655 |
|
7 |
|a dokumenty
|2 SNKPH
|9 70482
|
| 655 |
|
7 |
|a Documents
|2 SNKPHeng
|9 277725
|
| 655 |
|
7 |
|a smernice
|2 SNKPH
|9 26899
|
| 655 |
|
7 |
|a By-laws
|2 SNKPHeng
|9 334068
|
| 710 |
2 |
|
|a Katolícka cirkev.
|b Konferencia biskupov Slovenska
|4 pbl
|9 118261
|
| 830 |
|
0 |
|a Dokumenty Konferencie biskupov Slovenska
|9 301739
|
| 852 |
|
|
|a Štátna vedecká knižnica v Banskej Bystrici
|
| 919 |
|
|
|a 978-80-8161-089-9
|
| 958 |
|
|
|a NB
|
| 958 |
|
|
|a NT
|
| 999 |
|
|
|c 1100549
|d 1102479
|
| 952 |
|
|
|a SNK
|b SNK
|y PREZ
|7 0
|p 17A1170268
|o snkSD 84480
|i snk2015/24773
|8 0
|0 0
|1 0
|4 0
|d 2015-08-19
|f 1
|l 0
|r 2017-06-30 00:00:00
|w 2026-02-24
|
| 952 |
|
|
|a SNK
|b SNK
|y VYP
|7 0
|p 17A1170269
|o snkSD 84480 D1
|i snk2015/24778
|8 0
|0 0
|1 0
|4 0
|d 2015-08-19
|l 0
|r 2017-06-30 00:00:00
|w 2026-02-24
|